000 00445nam a22001697a 4500
003 OSt
008 240401b |||||||| |||| 00| 0 eng d
020 _a9788125057239
082 _a954.03 BAF
100 _aBANDYOPADHYAY, Sekhar
245 _aFrom Plassey to Partition and After: A History of Modern India
250 _a2nd. ed.
260 _aTelangana
_bOrient BlackSwan
_c2022
300 _a586 p.
650 _aEnglish
942 _2ddc
_cBK
999 _c12356
_d12356